[Event "44th Badalona Open 2018"]
[Site "Badalona"]
[Date "2018.08.03"]
[Round "3"]
[White "Fluvia Poyatos, Jordi"]
[Black "De Strycker, Nathan"]
[Result "1-0"]
[WhiteElo "2441"]
[BlackElo "2251"]
[Annotator "TA"]
[PlyCount "95"]
[EventDate "2018.08.01"]
[EventType "swiss"]
[EventCountry "ESP"]
[SourceTitle "playchess.com"]
[Source "ChessBase"]
[SourceQuality "1"]

{[%evp 19,95,57,68,45,55,54,49,47,36,44,64,62,70,63,72,75,74,47,81,76,70,84,72,72,65,67,113,110,120,107,150,150,138,114,180,177,264,266,262,257,247,236,305,308,304,323,1142,1097,1052,806,747,537,453,443,1870,2173,1657,1533,1425,1439,958,825,957,183,181,204,237,130,157,187,397,375,483,469,29981,29982,29999,-29993]} 1. e4 e6 2. d4 d5 3. e5 c5 4. c3 Nc6 5. Nf3 Qb6 6. a3 Nh6 7. b4 cxd4 8. Bxh6 gxh6 9. cxd4 Bg7 {C02: Französische Verteidigung (Vorstoßvariante)} (9... Bd7 10. Ra2 Rg8 11. h3 h5 12. g3 h4 13. g4 Be7 14. Be2 f6 15. b5 Nd8 16. Qd3 Rg7 17. Nc3 Nf7 {0-1 (38) Shirov,A (2684)-Nakamura,H (2787) Zuerich 2016 CBM 171 [Mokal,P]}) 10. Nc3 O-O {LiveBook: 11 Partien} 11. Rc1 f6 {Weiß steht etwas besser.} 12. exf6 $1 Rxf6 13. Be2 Rf7 $146 {[%cal Rc6d4]} ({Vorgänger:} 13... Rf8 14. h4 Qd8 15. Na4 Qe8 16. Nc5 Qg6 17. Nb3 Ne7 {½-½ (17) Berry,S (2325)-Rendle,T (2332) Paignton 2005}) 14. Na4 Qd8 15. Nc5 Qd6 16. O-O b6 17. Nb3 Bd7 18. Bb5 a6 19. Bxc6 $1 Bxc6 {[#]} 20. Ne5 $1 {[%mdl 512]} Rc7 (20... Bxe5 21. dxe5) 21. Qg4 Rac8 22. h4 Ba4 23. Rxc7 Rxc7 24. Nc1 $1 Bc2 25. Ne2 Bf5 26. Qf4 Bxe5 (26... Qe7 $16) 27. dxe5 $18 Qf8 (27... Qe7 $142 28. Nd4 (28. Qxh6 Rc4 $14) 28... Qf7) 28. Rc1 $1 {[%cal Rc1c7]} Rxc1+ 29. Qxc1 a5 30. Qc3 Qd8 31. Nd4 axb4 32. axb4 ({Schwächer ist} 32. Qxb4 Qc8 $16) 32... Qxh4 $2 (32... Qa8 33. Nxf5 exf5) 33. Qc8+ Kg7 34. Qd7+ Kf8 35. Qd6+ Qe7 36. Qxb6 Qg5 (36... Kf7 $142 37. Nc6 Qd7) 37. Nxe6+ Bxe6 38. Qxe6 {[%mdl 4096] Endspiel KD-KD} Qc1+ 39. Kh2 Qf4+ 40. Kh3 d4 41. f3 $2 (41. b5) 41... h5 42. Qd6+ Ke8 {beabsichtigt ...h4.} 43. Qc6+ ({Besser ist} 43. b5 $18 h4 44. Qb8+ Ke7 45. Qc7+ Kf8 46. Qd8+ Kg7 47. Qxh4 Qxe5 48. Qg3+ Kf6 49. Qxe5+ Kxe5 50. f4+ $1 {[%mdl 512]} Kd5 51. Kg3) 43... Kf7 $16 44. Qd7+ Kf8 $2 (44... Kg6 {war angesagt.}) 45. e6 $18 {Weiss will mit e7+ Matt setzen.} Qf5+ 46. Kh2 {Beabsichtigt e7+ und Matt.} Qe5+ {[#]} (46... Qf6 $18 47. Kg1 Qe7 48. Qxd4 Qxe6) 47. g3 $1 {[%csl Ge6][%cal Rd7f7]} h4 48. Qd6+ $4 {[%mdl 40960] Precision: Weiß = 70%, Schwarz = 40%. . Loss on Time!?} (48. Qf7#) 1-0

[Event "44th Badalona Open 2018"]
[Site "Badalona"]
[Date "2018.08.03"]
[Round "3"]
[White "Panelo, Marcelo"]
[Black "Fernandez, Maria Florencia"]
[Result "1-0"]
[WhiteElo "2360"]
[BlackElo "2215"]
[Annotator "NA"]
[PlyCount "75"]
[EventDate "2018.08.01"]
[EventType "swiss"]
[EventCountry "ESP"]
[SourceTitle "playchess.com"]
[Source "ChessBase"]
[SourceQuality "1"]
[TimeControl "5400+30"]

1. Nf3 {[%emt 0:02:34]} Nf6 2. b3 {[%emt 0:00:32]} g6 {[%emt 0:00:49]} 3. Bb2 {[%emt 0:00:13]} Bg7 {[%emt 0:00:06]} 4. g3 {[%emt 0:00:05]} O-O {[%emt 0:00:37]} 5. Bg2 {[%emt 0:00:07]} c5 6. c4 {[%emt 0:01:42]} Nc6 {[%emt 0:07:28]} 7. O-O {[%emt 0:00:17]} d6 8. d4 {[%emt 0:09:39]} cxd4 {[%emt 0:07:52]} 9. Nxd4 {[%emt 0:00:44]} Nxd4 10. Qxd4 Nh5 {[%emt 0:06:34]} 11. Qd2 {[%emt 0:00:40]} Bxb2 {[%emt 0:00:32]} 12. Qxb2 {[%emt 0:00:06]} Rb8 {[%emt 0:00:50]} 13. Nc3 {[%emt 0:05:44]} Be6 {[%emt 0:02:11]} 14. Rfd1 {[%emt 0:10:25]} Qb6 {[%emt 0:08:05]} 15. Rd2 {[%emt 0:07:15]} Nf6 {[%emt 0:08:35]} 16. e4 {[%emt 0:08:12]} Qa5 {[%emt 0:21:27]} 17. Re1 Qh5 18. Nd5 {[%emt 0:09:10]} Bxd5 {[%emt 0:01:20]} 19. exd5 {[%emt 0:16:15]} Rfe8 {[%emt 0:08:03]} 20. Rde2 b5 21. Rxe7 {[%emt 0:15:05]} Rxe7 {[%emt 0:00:53]} 22. Rxe7 Ng4 23. h3 {[%emt 0:01:35]} Ne5 {[%emt 0:03:20]} 24. c5 {[%emt 0:01:16]} Nf3+ {[%emt 0:13:55]} 25. Kh1 {[%emt 0:05:54]} Ng5 {[%emt 0:05:54]} 26. Qf6 {[%emt 0:00:18]} dxc5 {[%emt 0:01:19]} 27. f4 {[%emt 0:00:45]} Rf8 {[%emt 0:01:20]} 28. fxg5 {[%emt 0:00:32]} Qd1+ {[%emt 0:00:09]} 29. Qf1 {[%emt 0:01:15]} Qd2 {[%emt 0:00:04]} 30. Rxa7 {[%emt 0:02:13]} Qxg5 {[%emt 0:00:06]} 31. Kh2 {[%emt 0:00:07]} h5 {[%emt 0:00:58]} 32. h4 Qe3 33. Qf4 {[%emt 0:01:22]} Qe2 {[%emt 0:00:59]} 34. d6 c4 {[%emt 0:00:18]} 35. bxc4 {[%emt 0:00:41]} bxc4 {[%emt 0:00:03]} 36. Rc7 {[%emt 0:00:26]} Qxa2 37. Qxc4 {[%emt 0:00:20]} Qd2 {[%emt 0:01:16]} 38. Qd5 {[%emt 0:00:22]} 1-0

[Event "44th Badalona Open 2018"]
[Site "Badalona"]
[Date "2018.08.03"]
[Round "3"]
[White "Hernandez, Cristian Andres"]
[Black "Gallego Alcaraz, Andres Felipe"]
[Result "0-1"]
[WhiteElo "2323"]
[BlackElo "2500"]
[Annotator "TA"]
[PlyCount "156"]
[EventDate "2018.08.01"]
[EventType "swiss"]
[EventCountry "ESP"]
[SourceTitle "playchess.com"]
[Source "ChessBase"]
[SourceQuality "1"]

{[%evp 20,156,0,0,32,16,31,22,33,51,22,32,66,0,0,0,0,0,0,0,0,-12,-15,-17,-14,-19,-13,-20,-29,-18,-17,-34,-35,-35,0,0,0,-5,-4,-64,-64,-64,-67,-66,-65,-64,-62,-66,-73,-68,-58,-64,-58,-78,-66,-68,-66,-79,-71,-66,-75,-70,-66,-66,-59,-73,-72,-79,-74,-75,-69,-233,-18,-18,-16,-16,-16,-12,0,0,0,0,0,-15,-15,-29,-26,-34,-28,-89,-89,-93,-71,-79,-81,-94,-69,-66,-67,-76,-23,-38,-47,-301,-227,-676,-101,-1355,-1268,-820,-380,-12840,-12840,-1347,-12830,-12837,-8105,-12847,-1807,-12838,-12839,-12839,-12839,-12838,-12839,-12839,-12839,-12840,-12838,-1693,-1642,-12845,-12846,-12846,-12846,-12846,-12847,-12848,-12847]} 1. d4 {Krasenkow,M} Nf6 2. c4 g6 3. Nc3 d5 4. cxd5 Nxd5 5. e4 Nxc3 6. bxc3 Bg7 7. Bc4 c5 8. Ne2 Nc6 9. Be3 O-O 10. h4 cxd4 11. cxd4 {LiveBook: 23 Games} Qd6 {D87: Exchange Grünfeld: Classical Line: Variations without ...cxd4} (11... Qa5+ 12. Kf1 Qa3 13. h5 Na5 14. Bd3 Be6 15. Kg1 Nc4 16. Bc1 Nb2 17. Bxb2 Qxb2 18. h6 Bh8 19. e5 Rad8 20. Rb1 {0-1 (74) Ivanisevic,I (2650)-Piorun,K (2681) Belgrade 2016}) 12. Rb1 Rd8 {[%cal Rc6d4]} 13. Qb3 e6 {[%cal Rc6d4] The position is equal.} 14. e5 Qc7 {...Na5 is the strong threat.} 15. Bd3 Na5 {[#]} 16. Qc3 $146 (16. Qd1 $14) ({Predecessor:} 16. Qa3 Bf8 17. Qb2 Bd7 18. Bg5 Rdc8 19. O-O {1-0 (27) Li,S (2543)-Van der Weide,K (2466) Wijk aan Zee 2006 CBM 111 [Krasenkow,M]}) 16... Qxc3+ $11 17. Nxc3 Nc6 18. Nb5 a6 19. Nd6 Bf8 20. Nxb7 Bxb7 21. Rxb7 Nxd4 22. Be4 Rab8 23. O-O Ne2+ 24. Kh2 Nc3 25. Rxb8 Rxb8 26. Bd3 a5 27. Bd2 Nd5 28. Bxa5 Bg7 29. Re1 (29. Bc4 $11) 29... Ra8 $15 30. Bd2 Rxa2 31. Re2 {[#]} Bxe5+ $1 {[%mdl 512]} 32. g3 (32. Rxe5 Rxd2) 32... Bd4 33. Kg2 Ra3 34. Bc4 Nf6 35. Bf4 Kg7 36. f3 Ra4 37. Ba2 Nd7 38. Bd6 Bc5 39. Bc7 Ra7 40. Bf4 Bd4 41. g4 Ra5 42. Bc4 Nb6 43. Bb3 Rb5 44. Ba2 Na4 45. Re4 $2 (45. Bg3 $15) 45... Rb2+ $2 (45... e5 $1 $19 46. Bc4 Rb4 47. Bxf7 exf4 48. Rxf4 Rb2+ 49. Kf1 Be3 50. Rxa4 Kxf7) 46. Kf1 $11 Rf2+ ({Don't play} 46... Rxa2 47. Rxd4 Nb6 48. Be5+ Kf8 49. Rb4 $17) 47. Ke1 {Black must now prevent Bb3.} Rxa2 48. Rxd4 {[%mdl 4096] Endgame KRB-KRN} Nc5 49. g5 f6 50. Bd6 Nd7 51. Be7 Ra7 52. Kf2 f5 53. Kg3 Kf7 54. Bd6 (54. Bb4 $11) 54... e5 $17 55. Rd3 Ke6 56. Bb4 Ra6 57. Ba3 Rc6 58. h5 gxh5 {Threatens to win with ...e4.} 59. Kh4 $1 e4 ({Better is} 59... Rb6 $17 60. Rc3 Ra6 61. Kxh5 e4) 60. fxe4 $1 $11 fxe4 61. Rd1 $2 {[%mdl 8192] [#]} (61. Rd4 $1 $15) 61... Ne5 $1 $19 {Hoping for ...e3.} 62. Kxh5 $2 (62. Bc1) 62... Kf5 $2 (62... Rc3 $19 {[%cal Rc3h3] has better winning chances.} 63. Rd6+ Kf7 64. Rf6+ Kg8) 63. Bb2 $2 {[%mdl 8192]} (63. Rf1+ $17 Nf3 64. Rc1) 63... Nd3 64. Bf6 Rd6 (64... Nf4+ $142 65. Kh6 e3) 65. Rf1+ $2 {[#]} (65. Kh4) 65... Nf4+ $1 {Black is clearly winning.} 66. Kh6 e3 {[%cal Be4e3,Be3e2][%mdl 32]} 67. Rg1 e2 68. Re1 Rd7 (68... Rd1 $142 69. Bc3 Rd3) 69. Ra1 Rd1 70. Ra5+ Nd5 71. Bc3 Ke4 72. Ra4+ Kd3 73. Ba5 Rh1+ 74. Kg7 Nc3 75. Bxc3 Kxc3 76. Ra3+ Kd2 77. Ra2+ Ke3 78. Ra3+ Kf2 {Precision: White = 41%, Black = 55%.} 0-1

[Event "44th Badalona Open 2018"]
[Site "Badalona"]
[Date "2018.08.03"]
[Round "3"]
[White "Abhishek, Das"]
[Black "Aguero Jimenez, Luis Lazaro"]
[Result "1/2-1/2"]
[WhiteElo "2314"]
[BlackElo "2482"]
[Annotator "ChessBase"]
[PlyCount "69"]
[EventDate "2018.08.01"]
[EventType "swiss"]
[EventCountry "ESP"]
[SourceTitle "playchess.com"]
[Source "ChessBase"]
[SourceQuality "1"]
[TimeControl "5400+30"]

1. e4 {[%emt 0:00:00]} c5 2. c3 {[%emt 0:00:21]} Nf6 {[%emt 0:00:00]} 3. e5 {[%emt 0:00:05]} Nd5 {[%emt 0:00:00]} 4. d4 {[%emt 0:00:06]} cxd4 5. Nf3 {[%emt 0:00:41]} e6 {[%emt 0:00:00]} 6. cxd4 {[%emt 0:00:11]} d6 {[%emt 0:09:22]} 7. Bc4 Be7 {[%emt 0:00:03]} 8. O-O {[%emt 0:00:59]} O-O {[%emt 0:02:01]} 9. Qe2 {[%emt 0:02:30]} Nc6 10. Nc3 dxe5 {[%emt 0:13:37]} 11. dxe5 {[%emt 0:00:43]} Nxc3 {[%emt 0:00:33]} 12. bxc3 b6 {[%emt 0:00:28]} 13. Qe4 {[%emt 0:09:29]} Bb7 14. Bd3 {[%emt 0:00:59]} g6 {[%emt 0:00:36]} 15. Bh6 Re8 16. Rad1 {[%emt 0:05:04]} Qc7 {[%emt 0:02:47]} 17. Qf4 {[%emt 0:01:58]} Red8 {[%emt 0:09:13]} 18. Rfe1 {[%emt 0:01:44]} Rd5 {[%emt 0:00:57]} 19. c4 {[%emt 0:10:50]} Rc5 20. h4 {[%emt 0:02:50]} Nb4 {[%emt 0:09:21]} 21. Ng5 {[%emt 0:16:21]} Bf8 22. Bxf8 Nxd3 {[%emt 0:02:00]} 23. Rxd3 {[%emt 0:01:22]} Rxf8 24. Qf6 {[%emt 0:05:57]} Rxc4 {[%emt 0:01:10]} 25. h5 h6 {[%emt 0:16:55]} 26. hxg6 {[%emt 0:08:40]} hxg5 27. Qxg5 {[%emt 0:06:44]} f6 {[%emt 0:06:04]} 28. exf6 Qf4 29. f7+ {[%emt 0:11:02]} Kg7 {[%emt 0:04:20]} 30. Qe7 {[%emt 0:00:03]} Rc1 31. Rxc1 {[%emt 0:11:03]} Qxc1+ {[%emt 0:08:16]} 32. Kh2 {[%emt 0:00:08]} Qf4+ {[%emt 0:00:05]} 33. Kg1 Qc1+ {[%emt 0:15:03]} 34. Kh2 {[%emt 0:00:16]} Qf4+ {[%emt 0:01:03]} 35. Kg1 {[%emt 0:00:08]} 1/2-1/2

[Event "44th Badalona Open 2018"]
[Site "Badalona"]
[Date "2018.08.03"]
[Round "3"]
[White "Verstraeten, Reinaert"]
[Black "Munoz, Miguel"]
[Result "1-0"]
[WhiteElo "2303"]
[BlackElo "2475"]
[Annotator "TA"]
[PlyCount "134"]
[EventDate "2018.08.01"]
[EventType "swiss"]
[EventCountry "ESP"]
[SourceTitle "playchess.com"]
[Source "ChessBase"]
[SourceQuality "1"]

{[%evp 9,134,80,85,75,85,83,89,83,82,58,85,51,83,69,122,87,78,87,119,92,95,84,103,126,116,121,130,136,154,157,259,266,243,254,275,281,283,272,275,277,273,267,262,256,261,165,262,270,311,309,378,312,302,311,282,276,313,161,154,148,227,225,176,75,76,54,175,168,171,168,175,150,152,8,8,8,8,10,186,179,178,173,179,169,239,239,231,238,238,229,236,238,231,224,230,215,185,118,297,289,392,385,397,291,12843,12843,12845,12843,12846,12845,12850,12850,12850,12851,12851,12851,12851,12851,12851,12851,29984,12851,29986,29987,29990,29987,29988]} 1. d4 c5 2. d5 Nf6 3. Nc3 Qa5 4. Bd2 e5 5. e4 d6 6. h3 {A43: Schmid Benoni} (6. h4 h5 7. Nh3 Bg4 8. Qc1 Bxh3 9. Rxh3 Nbd7 10. Be2 a6 11. a4 Qc7 {1-0 (41) Granda Zuniga,J (2656)-Munoz Pantoja,M (2497) Kollafjord 2017}) 6... Be7 7. Nf3 Nbd7 $146 ({Predecessor:} 7... O-O 8. Bd3 Ne8 9. a3 a6 10. b4 Qc7 11. bxc5 dxc5 {1-0 (62) Grigoryan,K (2544)-Munoz Pantoja,M (2471) Sabadell 2016}) 8. Bc4 {White is better.} Nf8 9. O-O Ng6 10. Re1 a6 11. a4 h5 (11... O-O $14) 12. Nb5 Qd8 13. Na3 $1 $36 {[%mdl 2048] White is really pushing.} h4 14. b4 cxb4 15. Bxb4 Nf4 {With the idea ...Bxh3.} 16. Bf1 $1 g5 17. Nc4 a5 18. Bd2 Rg8 19. Nh2 g4 (19... Nd7 $16 20. Rb1 b6) 20. Bxf4 $1 $18 exf4 21. e5 $1 {[%cal Re5f6]} dxe5 22. d6 (22. Rxe5 gxh3 23. d6 Be6 $16) (22. Nxe5 g3 $11) 22... gxh3 23. dxe7 {[%csl Gd1][%cal Re7d8]} Qxd1 24. Raxd1 {Strongly threatening Nb6.} hxg2 25. Nd6+ (25. Rxe5 gxf1=N+ 26. Kxf1 Be6 $17) (25. Bxg2 Be6 $14) 25... Kxe7 26. Nxc8+ (26. Rxe5+ $6 Be6 $16) 26... Raxc8 27. Rxe5+ Kf8 28. Bd3 Rd8 29. Rf5 Ne4 30. Rxf4 Ng5 {[%cal Rg5h3]} 31. Rxh4 Rd4 32. Rh5 Ne6 {Black hopes to continue with ...Nf4.} 33. Rh3 (33. Rxa5 $142 Nf4 34. Ra8+ Kg7 35. Rxg8+ Kxg8 36. Nf3 (36. Bh7+ Kxh7 37. Rxd4 Ne2+ 38. Kxg2 Nxd4 $14) 36... Rxa4 37. Ne1) 33... Nf4 {[%cal Rf4h3]} 34. Rg3 Rh8 (34... Rxa4 $16 {was necessary.} 35. Bb5 Rxg3 36. fxg3 Rb4 37. gxf4 Rxb5) 35. Re1 Rh6 36. f3 (36. Bb5 $18 {[%csl Gb5][%cal Re1e8]} f5 37. Rf3) 36... Rxa4 $16 37. Rg4 {Hoping for Be4.} ({Much worse is} 37. Bb5 Re6 $11) 37... Rb4 (37... Nxd3 $14 38. cxd3 Rxg4 39. fxg4 a4) 38. Be4 $1 $18 Rf6 39. Rh4 $1 a4 {[#]} 40. Ng4 $1 {[%cal Rg4f6]} Rfb6 {...Rb1 is the strong threat.} 41. Ne3 (41. c3 $16 R4b5 42. Nf2) 41... Rb1 $1 $11 {[%cal Rb1e1]} 42. Nxg2 Rxe1+ 43. Nxe1 Ne2+ $2 (43... a3 $1 $11 {and Black stays safe.} 44. Rh8+ Ke7) 44. Kf2 $18 Nc3 {And now ...a3 would win.} 45. Rh8+ Kg7 46. Ra8 Rb2 (46... Ra6 $142 47. Rxa6 (47. Bxb7 $2 Rxa8 48. Bxa8 a3 $19) 47... bxa6) 47. Ke3 b5 48. Kd4 b4 49. Nd3 a3 50. Bd5 Nb5+ 51. Kc5 Nc7 52. Ra5 Rxc2+ {[#]} 53. Kxb4 ({White should play} 53. Bc4 $1 $18) 53... Rd2 $2 (53... Nxd5+ $16 {might work better.} 54. Rxd5 a2 55. Rg5+ Kh6) 54. Bc4 ({Not} 54. Rxa3 Nxd5+ 55. Kc5 Ne3 $11) 54... Ne8 55. Rxa3 Nd6 56. Kc5 Rc2 $2 (56... Nxc4 57. Kxc4 Kf6) 57. Kxd6 Rxc4 {[%mdl 4096] Endgame KRN-KR} 58. Kd5 Rh4 59. Ne5 Rf4 60. Ra7 Kg8 {[#]} 61. Rxf7 $1 Rxf7 62. Nxf7 Kxf7 {KP-K} 63. Ke5 Kg6 64. f4 Kf7 65. Kf5 Kg7 66. Ke6 Kf8 67. Kf6 Kg8 {Precision: White = 66%, Black = 37%.} 1-0

[Event "44th Badalona Open 2018"]
[Site "Badalona"]
[Date "2018.08.03"]
[Round "3"]
[White "Harikrishnan, A Ra"]
[Black "Diaz Camallonga, Carles"]
[Result "1/2-1/2"]
[WhiteElo "2301"]
[BlackElo "2445"]
[Annotator "NA"]
[PlyCount "96"]
[EventDate "2018.08.01"]
[EventType "swiss"]
[EventCountry "ESP"]
[SourceTitle "playchess.com"]
[Source "ChessBase"]
[SourceQuality "1"]
[TimeControl "5400+30"]

1. Nf3 {[%emt 0:00:00]} Nf6 {[%emt 0:00:03]} 2. c4 {[%emt 0:00:00]} e6 {[%emt 0:00:16]} 3. g3 {[%emt 0:00:00]} d5 {[%emt 0:00:24]} 4. Bg2 {[%emt 0:00:00]} Be7 {[%emt 0:01:08]} 5. O-O {[%emt 0:00:14]} O-O 6. d4 {[%emt 0:01:48]} dxc4 {[%emt 0:01:07]} 7. Qc2 c6 8. Qxc4 {[%emt 0:05:38]} b5 {[%emt 0:01:16]} 9. Qc2 {[%emt 0:00:37]} Bb7 {[%emt 0:02:23]} 10. Nc3 {[%emt 0:06:11]} Nbd7 11. Bg5 h6 {[%emt 0:12:42]} 12. Bxf6 {[%emt 0:19:38]} Nxf6 13. Ne4 Nxe4 {[%emt 0:09:55]} 14. Qxe4 {[%emt 0:07:40]} Rb8 {[%emt 0:00:46]} 15. Qc2 {[%emt 0:13:31]} Qb6 16. e3 c5 {[%emt 0:03:12]} 17. dxc5 {[%emt 0:04:58]} Bxc5 {[%emt 0:00:06]} 18. Rfc1 {[%emt 0:01:06]} Rbc8 {[%emt 0:01:50]} 19. Qe2 Be7 20. Ne5 {[%emt 0:08:37]} Bxg2 {[%emt 0:06:11]} 21. Kxg2 {[%emt 0:02:19]} Bf6 {[%emt 0:01:28]} 22. Ng4 Qb7+ {[%emt 0:01:16]} 23. f3 {[%emt 0:01:41]} Be7 {[%emt 0:01:10]} 24. Nf2 {[%emt 0:06:18]} Rfd8 {[%emt 0:06:09]} 25. Rd1 Rd5 {[%emt 0:01:55]} 26. Rac1 {[%emt 0:04:17]} Rdc5 {[%emt 0:05:06]} 27. Nd3 Rc4 {[%emt 0:01:08]} 28. b3 {[%emt 0:04:21]} Rc3 {[%emt 0:00:06]} 29. Rxc3 {[%emt 0:01:36]} Rxc3 {[%emt 0:00:30]} 30. Rc1 {[%emt 0:04:32]} Qc7 31. Qb2 b4 {[%emt 0:02:12]} 32. Rxc3 {[%emt 0:01:46]} bxc3 {[%emt 0:00:05]} 33. Qc2 {[%emt 0:00:50]} a5 {[%emt 0:01:28]} 34. Nf2 {[%emt 0:04:27]} f5 {[%emt 0:03:32]} 35. Kf1 {[%emt 0:01:05]} Qc5 {[%emt 0:01:10]} 36. Ke2 {[%emt 0:01:47]} Bf6 37. Nd1 {[%emt 0:00:25]} h5 {[%emt 0:07:03]} 38. Nf2 {[%emt 0:01:01]} Qc7 39. Nd3 {[%emt 0:00:46]} h4 {[%emt 0:05:05]} 40. Kf2 {[%emt 0:00:54]} Qd6 41. Nf4 hxg3+ {[%emt 0:05:07]} 42. hxg3 {[%emt 0:00:37]} Be5 {[%emt 0:03:42]} 43. Ke2 {[%emt 0:01:17]} Kf7 {[%emt 0:07:37]} 44. Qd3 {[%emt 0:00:19]} Qc6 {[%emt 0:00:32]} 45. Qc4 {[%emt 0:01:16]} Qb6 46. Qd3 Qc6 {[%emt 0:06:46]} 47. Qc4 {[%emt 0:00:35]} Qd6 {[%emt 0:00:13]} 48. Qd3 Qc6 1/2-1/2

[Event "44th Badalona Open 2018"]
[Site "Badalona"]
[Date "2018.08.03"]
[Round "3"]
[White "Escandell, Juan C"]
[Black "Perez Mitjans, Orelvis"]
[Result "0-1"]
[WhiteElo "2227"]
[BlackElo "2402"]
[Annotator "NA"]
[PlyCount "88"]
[EventDate "2018.08.01"]
[EventType "swiss"]
[EventCountry "ESP"]
[SourceTitle "playchess.com"]
[Source "ChessBase"]
[SourceQuality "1"]
[TimeControl "5400+30"]

1. e4 {[%emt 0:00:00]} e5 {[%emt 0:19:38]} 2. Nf3 {[%emt 0:00:00]} Nc6 {[%emt 0:00:06]} 3. Bb5 {[%emt 0:00:00]} a6 {[%emt 0:00:06]} 4. Ba4 {[%emt 0:00:07]} Nf6 {[%emt 0:00:12]} 5. O-O {[%emt 0:00:12]} Be7 {[%emt 0:00:17]} 6. Re1 {[%emt 0:00:27]} b5 {[%emt 0:00:14]} 7. Bb3 {[%emt 0:00:03]} O-O {[%emt 0:00:12]} 8. a4 {[%emt 0:01:30]} b4 {[%emt 0:00:37]} 9. d4 d6 {[%emt 0:02:48]} 10. dxe5 {[%emt 0:05:47]} dxe5 {[%emt 0:00:00]} 11. Qxd8 {[%emt 0:12:32]} Rxd8 {[%emt 0:18:36]} 12. Nbd2 Bc5 {[%emt 0:05:45]} 13. h3 {[%emt 0:08:03]} Bb7 14. Ng5 {[%emt 0:17:38]} Rd7 {[%emt 0:16:03]} 15. Nc4 h6 {[%emt 0:05:15]} 16. Nf3 {[%emt 0:01:07]} Re8 {[%emt 0:00:35]} 17. a5 {[%emt 0:03:29]} Rdd8 18. Ba4 Re6 {[%emt 0:05:45]} 19. c3 {[%emt 0:18:59]} bxc3 {[%emt 0:03:20]} 20. bxc3 {[%emt 0:00:02]} Ne7 21. Bc2 {[%emt 0:15:34]} Ng6 {[%emt 0:00:58]} 22. Be3 {[%emt 0:01:55]} Bf8 {[%emt 0:04:37]} 23. Bc1 {[%emt 0:05:42]} Bc6 24. g3 Nd7 {[%emt 0:04:54]} 25. Rd1 {[%emt 0:02:51]} Rde8 {[%emt 0:01:53]} 26. Ne3 {[%emt 0:01:24]} Nc5 {[%emt 0:01:23]} 27. Nd5 {[%emt 0:00:39]} Rc8 {[%emt 0:02:14]} 28. Be3 Bb5 {[%emt 0:01:27]} 29. Nd2 {[%emt 0:02:18]} Ree8 {[%emt 0:01:47]} 30. f3 {[%emt 0:02:08]} Bd6 {[%emt 0:00:28]} 31. Nf1 Nf8 {[%emt 0:02:56]} 32. Nxc7 {[%emt 0:00:51]} Bxc7 {[%emt 0:00:06]} 33. Bxc5 {[%emt 0:00:16]} Ne6 {[%emt 0:00:40]} 34. Bf2 {[%emt 0:01:12]} Ng5 {[%emt 0:01:28]} 35. Kg2 {[%emt 0:00:26]} Be2 {[%emt 0:00:07]} 36. Rd3 {[%emt 0:00:54]} Bxd3 {[%emt 0:01:06]} 37. Bxd3 {[%emt 0:00:02]} Red8 38. Be2 {[%emt 0:01:30]} Ne6 {[%emt 0:00:52]} 39. Ne3 {[%emt 0:00:47]} Rd2 {[%emt 0:01:15]} 40. Nd5 {[%emt 0:00:20]} Bd8 {[%emt 0:00:21]} 41. Bxa6 {[%emt 0:01:07]} Ra8 {[%emt 0:00:05]} 42. Bb7 {[%emt 0:00:24]} Rxa5 {[%emt 0:00:09]} 43. Rxa5 {[%emt 0:00:16]} Bxa5 {[%emt 0:00:01]} 44. Kf1 {[%emt 0:00:24]} Rc2 {[%emt 0:00:17]} 0-1

[Event "44th Badalona Open 2018"]
[Site "Badalona"]
[Date "2018.08.03"]
[Round "3"]
[White "Kruijf, Caspar"]
[Black "Alcala Gonzalez, Cesar"]
[Result "1-0"]
[WhiteElo "1918"]
[BlackElo "1815"]
[Annotator "NA"]
[PlyCount "83"]
[EventDate "2018.08.01"]
[EventType "swiss"]
[EventCountry "ESP"]
[SourceTitle "playchess.com"]
[Source "ChessBase"]
[SourceQuality "1"]
[TimeControl "5400+30"]

1. e4 {[%emt 0:00:00]} c6 {[%emt 0:00:00]} 2. d4 {[%emt 0:00:00]} d5 {[%emt 0:00:00]} 3. Nc3 {[%emt 0:00:00]} dxe4 {[%emt 0:00:00]} 4. Nxe4 {[%emt 0:00:00]} Nd7 {[%emt 0:00:00]} 5. Bc4 {[%emt 0:00:00]} Ngf6 {[%emt 0:00:00]} 6. Nxf6+ {[%emt 0:00:10]} Nxf6 {[%emt 0:00:00]} 7. c3 {[%emt 0:00:17]} Qc7 {[%emt 0:00:00]} 8. Qb3 {[%emt 0:00:10]} e6 {[%emt 0:00:03]} 9. Nf3 {[%emt 0:00:27]} Bd6 {[%emt 0:04:40]} 10. O-O {[%emt 0:03:36]} O-O {[%emt 0:02:46]} 11. Re1 {[%emt 0:04:30]} b6 {[%emt 0:04:11]} 12. Bg5 {[%emt 0:04:56]} Nd7 {[%emt 0:13:12]} 13. Bh4 {[%emt 0:07:10]} Bb7 {[%emt 0:05:24]} 14. Bg3 {[%emt 0:06:22]} Bxg3 {[%emt 0:01:30]} 15. hxg3 {[%emt 0:00:10]} c5 {[%emt 0:00:56]} 16. Rad1 {[%emt 0:10:59]} cxd4 {[%emt 0:06:39]} 17. Nxd4 {[%emt 0:02:59]} Nc5 {[%emt 0:01:33]} 18. Qc2 {[%emt 0:01:37]} a6 {[%emt 0:11:50]} 19. Be2 {[%emt 0:19:20]} e5 {[%emt 0:06:42]} 20. Nf3 {[%emt 0:03:13]} h6 {[%emt 0:13:24]} 21. Qf5 {[%emt 0:03:47]} Rae8 {[%emt 0:04:37]} 22. b4 {[%emt 0:05:01]} Bc8 {[%emt 0:03:10]} 23. Qc2 {[%emt 0:02:49]} Nd7 {[%emt 0:01:17]} 24. c4 {[%emt 0:03:58]} Bb7 {[%emt 0:01:34]} 25. Qd2 {[%emt 0:04:44]} Rd8 {[%emt 0:08:50]} 26. Qd6 {[%emt 0:02:22]} Qc6 {[%emt 0:02:36]} 27. Qxc6 {[%emt 0:01:21]} Bxc6 {[%emt 0:00:02]} 28. Rd6 {[%emt 0:00:55]} Ba4 {[%emt 0:01:54]} 29. Bd1 {[%emt 0:00:24]} e4 {[%emt 0:05:12]} 30. Nh4 {[%emt 0:02:48]} Bxd1 {[%emt 0:01:09]} 31. Rexd1 {[%emt 0:00:09]} f5 {[%emt 0:00:02]} 32. Rxd7 {[%emt 0:00:26]} Rxd7 {[%emt 0:00:06]} 33. Rxd7 {[%emt 0:00:06]} Rf6 {[%emt 0:00:39]} 34. Rd5 {[%emt 0:00:49]} g6 {[%emt 0:00:01]} 35. c5 {[%emt 0:01:29]} bxc5 {[%emt 0:00:06]} 36. bxc5 {[%emt 0:00:25]} Kf7 {[%emt 0:00:09]} 37. Kf1 {[%emt 0:04:08]} Rc6 {[%emt 0:02:10]} 38. Ke2 {[%emt 0:02:23]} Ke6 {[%emt 0:00:36]} 39. Rd6+ {[%emt 0:00:30]} Rxd6 {[%emt 0:00:02]} 40. cxd6 {[%emt 0:00:08]} Kxd6 {[%emt 0:00:03]} 41. Nxg6 {[%emt 0:00:09]} Ke6 {[%emt 0:00:48]} 42. Ke3 {[%emt 0:00:33]} 1-0